00528nam a2200157 a 450000500170000000800410001702000190005805000220007710000190009924500460011826000390016465000200020365000180022399900190024195201100026020140412111430.0040517s19uu xx 00 eng d a 9780439403788 aTR(PS EbT41 2002 aChapman, Cindy aThree pigs and a wolf in their own words. aNew York:bScholastic Inc.,c2002. aWolves--Fiction aPigs--Fiction c106347d106347 001040aELbELcTRd2011-02-18g185.00l0oTR(PS E T41 2002pE11613r2014-04-12 00:00:00w2014-04-12yBK